Schaum's outline of theory and problems of basic mathematics : (Record no. 97991)

MARC details
000 -LEADER
fixed length control field 00969pam a2200277 i 4500
008 - FIXED-LENGTH DATA ELEMENTS--GENERAL INFORMATION
fixed length control field
020 ## - INTERNATIONAL STANDARD BOOK NUMBER
International Standard Book Number 070355517 (pbk.)
049 ## - LOCAL HOLDINGS (OCLC)
Holding library MAIN
090 ## - LOCALLY ASSIGNED LC-TYPE CALL NUMBER (OCLC); LOCAL CALL NUMBER (RLIN)
Classification number (OCLC) (R) ; Classification number, CALL (RLIN) (NR) QA39.2
Local cutter number (OCLC) ; Book number/undivided call number, CALL (RLIN) KRU
003 - CONTROL NUMBER IDENTIFIER
control field
005 - DATE AND TIME OF LATEST TRANSACTION
control field 20230120145420.0
040 ## - CATALOGING SOURCE
Transcribing agency NUST
100 1# - MAIN ENTRY--PERSONAL NAME
Personal name Kruglak, Haym.
245 10 - TITLE STATEMENT
Title Schaum's outline of theory and problems of basic mathematics :
Remainder of title with applications to science and technology /
Statement of responsibility, etc. Haym Kruglak and John T. Moore
246 ## - VARYING FORM OF TITLE
Title proper/short title Theory and problems of probability and statistics.
260 ## - PUBLICATION, DISTRIBUTION, ETC.
Place of publication, distribution, etc. New York :
Name of publisher, distributor, etc. McGraw-Hill,
Date of publication, distribution, etc. c1973.
300 ## - PHYSICAL DESCRIPTION
Extent 341 p. :
Other physical details ill. ;
Dimensions 28 cm.
440 ## - SERIES STATEMENT/ADDED ENTRY--TITLE
Title Schaum's outline series in mathematics.
440 ## - SERIES STATEMENT/ADDED ENTRY--TITLE
Title Schaum's outline series.
500 ## - GENERAL NOTE
General note Includes index.
650 #0 - SUBJECT ADDED ENTRY--TOPICAL TERM
Topical term or geographic name entry element Probabilities
General subdivision Problems, exercises, etc.
650 #0 - SUBJECT ADDED ENTRY--TOPICAL TERM
Topical term or geographic name entry element Mathematical statistics
General subdivision Problems, exercises, etc.
700 ## - ADDED ENTRY--PERSONAL NAME
Personal name Moore, T. John.
907 ## - LOCAL DATA ELEMENT G, LDG (RLIN)
a .b10277614
b 09-06-10
c 02-06-10
942 ## - ADDED ENTRY ELEMENTS (KOHA)
Koha item type Ordinary Loan Books
Call number prefix QA39.2
Call number suffix KRU
Holdings
Date last seen Total Checkouts Full call number Barcode Cost, replacement price Price effective from Koha item type Lost status Source of classification or shelving scheme Damaged status Not for loan Collection Withdrawn status Home library Current library Shelving location Date acquired Cost, normal purchase price
01/20/2023   QA39.2 KRU 92004013283 80.00 01/20/2023 BOOKS   LCC     NFIC   GSB GSB GEN 01/20/2023 80.00